101 ways to boost your writing skills / (Record no. 5973)
[ view plain ]
| 000 -LEADER | |
|---|---|
| fixed length control field | 00909nam a22003017a 4500 |
| 001 - CONTROL NUMBER | |
| control field | 5973 |
| 003 - CONTROL NUMBER IDENTIFIER | |
| control field | FISKH |
| 005 - DATE AND TIME OF LATEST TRANSACTION | |
| control field | 20250331080546.0 |
| 008 - FIXED-LENGTH DATA ELEMENTS--GENERAL INFORMATION | |
| fixed length control field | 250214b cb ||||| |||| 00| 0 eng d |
| 020 ## - INTERNATIONAL STANDARD BOOK NUMBER | |
| International Standard Book Number | 9780439697620 |
| 040 ## - CATALOGING SOURCE | |
| Original cataloging agency | FISKH |
| Language of cataloging | eng |
| Transcribing agency | FISKH |
| Modifying agency | FISKH |
| 050 ## - LIBRARY OF CONGRESS CALL NUMBER | |
| Classification number | PE1128.A27 |
| 082 ## - DEWEY DECIMAL CLASSIFICATION NUMBER | |
| Classification number | 370 |
| 100 ## - MAIN ENTRY--PERSONAL NAME | |
| Personal name | Aber, Williams Linda |
| 245 ## - TITLE STATEMENT | |
| Title | 101 ways to boost your writing skills / |
| Statement of responsibility, etc. | by Linda Williams Aber ; illustrated by Aija Janums |
| 250 ## - EDITION STATEMENT | |
| Edition statement | This edition first published in 2004 |
| 260 ## - PUBLICATION, DISTRIBUTION, ETC. | |
| Place of publication, distribution, etc. | New York : |
| Name of publisher, distributor, etc. | Scholastic, |
| Date of publication, distribution, etc. | 1996 |
| 300 ## - PHYSICAL DESCRIPTION | |
| Extent | 96 pages : |
| Other physical details | illustrations ; |
| Dimensions | 20 cm |
| 505 ## - FORMATTED CONTENTS NOTE | |
| Formatted contents note | L<br/> |
| 520 ## - SUMMARY, ETC. | |
| Summary, etc. | These reference books offer students a user-friendly format.<br/> |
| 521 8# - TARGET AUDIENCE NOTE | |
| Target audience note | 510<br/> |
| Source | Lexile<br/> |
| 521 8# - TARGET AUDIENCE NOTE | |
| Target audience note | L<br/> |
| Source | Raz-Plus<br/> |
| 650 ## - SUBJECT ADDED ENTRY--TOPICAL TERM | |
| Source of heading or term | Writing |
| Topical term or geographic name entry element | Language |
| 650 ## - SUBJECT ADDED ENTRY--TOPICAL TERM | |
| Source of heading or term | Reference |
| Topical term or geographic name entry element | Self-help |
| 700 ## - ADDED ENTRY--PERSONAL NAME | |
| Personal name | Janums, Aiji |
| Dates associated with a name | illustrator |
| 942 ## - ADDED ENTRY ELEMENTS (KOHA) | |
| Source of classification or shelving scheme | Dewey Decimal Classification |
| Koha item type | Books |
| Suppress in OPAC | No |
| Withdrawn status | Lost status | Source of classification or shelving scheme | Damaged status | Not for loan | Collection | Home library | Current library | Shelving location | Date acquired | Total Checkouts | Full call number | Barcode | Date last seen | Copy number | Price effective from | Koha item type |
|---|---|---|---|---|---|---|---|---|---|---|---|---|---|---|---|---|
| Dewey Decimal Classification | Juvenile Fiction | Footprints International School Library Network Toul Tom Poung Campus | Footprints International School Library Network Toul Tom Poung Campus | TTP Primary Yellow Bookshelves | 02/14/2025 | ABE 370 PE1128.A27 | 2025-0580 | 02/14/2025 | 1 | 02/14/2025 | Books | |||||
| Dewey Decimal Classification | Juvenile Fiction | Footprints International School Library Network Toul Tom Poung Campus | Footprints International School Library Network Toul Tom Poung Campus | TTP Primary Yellow Bookshelves | 03/31/2025 | ABE 370 PE1128.A27 | 2025-0889 | 03/31/2025 | 2 | 03/31/2025 | Books | |||||
| Dewey Decimal Classification | Juvenile Fiction | Footprints International School Library Network Toul Tom Poung Campus | Footprints International School Library Network Toul Tom Poung Campus | TTP Primary Yellow Bookshelves | 08/19/2025 | ABE 370 PE1128.A27 | FIS04826 | 08/19/2025 | 3 | 08/19/2025 | Books |
